Economics for the practical man ; what makes the wheels go round.

Bibliographic Details
Main Author: Howe, George, 1881-
Format: Book
Language:English
Published: Chicago : Wilcox, [1948]
Subjects:

MARC

Tag First Indicator Second Indicator Subfields
LEADER 00000cam a2200000 4500
001 in00000066616
005 20151007083648.0
008 780218s1948 ilu 00000 eng
010 |a  48009398  
035 |a (OCoLC)03648474 
035 |9 AAF9694AM 
040 |a TLM  |c TLM  |d TXA  |d UtOrBLW 
049 |a TXAM  |c [175965] 
050 0 |a HB171  |b .H84 1948 
092 |a 330  |b H856e 
100 1 |a Howe, George,  |d 1881- 
245 1 0 |a Economics for the practical man ;  |b what makes the wheels go round. 
264 1 |a Chicago :  |b Wilcox,  |c [1948] 
264 4 |c [©1948] 
300 |a 154 pages 
336 |a text  |b txt  |2 rdacontent 
337 |a unmediated  |b n  |2 rdamedia 
338 |a volume  |b nc  |2 rdacarrier 
650 0 |a Economics. 
999 |a MARS 
999 f f |s a0b97c20-d55a-386c-8e9c-1849822da205  |i 515dad96-d3ba-35b6-aae8-c2d842b33558  |t 0 
952 f f |p ric  |a Texas A&M University  |b Rellis Campus  |c Joint Library Facility  |d Remote Storage  |t 0  |e HB171 .H84 1948  |h Library of Congress classification  |i unmediated -- volume  |m A14800686243 
998 f f |a HB171 .H84 1948  |t 0  |l Remote Storage